Première introduction a la critique de la faculté de Juger
Gardado en:
| Formato: | Libro |
|---|---|
| Idioma: | francés |
| Publicado: |
París
J. Vrin
1968
|
| Series: | Bibliothèque des Textes Philosophiques
|
| Subjects: | |
| Tags: |
Engadir etiqueta
Sen Etiquetas, Sexa o primeiro en etiquetar este rexistro!
|
MARC
| LEADER | 00000nam a2200000 a 4500 | ||
|---|---|---|---|
| 001 | UCZ4814 | ||
| 003 | CL-VaPUC | ||
| 005 | 20220104074311.0 | ||
| 008 | 951110e19680000FR |||||||||||||||||fre|d | ||
| 999 | |c 241178 |d 241176 | ||
| 040 | |c Pontificia Universidad Católica de Valparaíso | ||
| 082 | 0 | 4 | |a 141 |b KAN |2 21 |
| 245 | 1 | 0 | |a Première introduction a la critique de la faculté de Juger |
| 246 | 1 | 0 | |a D'un ton grand seigneur adopté naguère en philosophie |
| 246 | 1 | 0 | |a Annoncede la proche conclusion d'un traité de paix perpétuelle en philosophie |
| 260 | |a París |b J. Vrin |c 1968 | ||
| 300 | |a 144 p | ||
| 490 | 0 | |a Bibliothèque des Textes Philosophiques | |
| 583 | |a last modification |c 19951110 00:00:00 |k Rodrigo Vera | ||
| 650 | 0 | |a Idealismo |9 265685 | |
| 650 | 0 | |a Escuelas filosóficas |9 266232 | |
| 650 | 0 | |a Filosofía alemana |9 265002 | |
| 650 | 7 | |a PACIFISMO |2 CL-VaPUC |9 319054 | |
| 650 | 0 | |a Filosofía del espíritu |9 320175 | |
| 650 | 0 | |a Naturaleza humana |9 308593 | |
| 650 | 7 | |a HOMBRE |2 CL-VaPUC |9 262149 | |
| 650 | 0 | |a Teología |9 258766 | |
| 852 | |a BIBCUR | ||
| 942 | |c BK |2 ddc | ||
| 945 | |d 19951110 00:00:00 |a lriquelm | ||
| 952 | |0 0 |1 0 |4 0 |6 141_000000000000000_KAN_1968 |7 0 |8 P |9 253362 |a BIBEDU |b BIBEDU |c BIBEDU_PB |d 2019-11-19 |i 1599933 |o 141 KAN 1968 |p 1599933 |r 2024-01-25 |w 2019-11-19 |y BK |k FIL | ||